JR Sobu Line Rapid and Yokosuka Line Stations, Tokyo, Japan - Statistics

General Stats
  • This quiz has been taken 138 times
  • The average score is 20 of 28
Answer Stats
Station No. Stations % Correct
JO 19 Tokyo
100%
JO 28 Chiba
93%
JO 17 Shinagawa
93%
JO 13 Yokohama
93%
JO 03 Yokosuka
90%
JO 18 Shimbashi
87%
JO 25 Funabashi
84%
JO 06 Zushi
82%
JO 09 Ofuna
80%
JO 07 Kamakura
79%
JO 22 Kinshicho
72%
JO 23 Shin Koiwa
72%
JO 01 Kurihama
71%
JO 15 Musashi Kosugi
71%
JO 14 Shin Kawasaki
70%
JO 26 Tsudanuma
70%
JO 24 Ichikawa
68%
JO 16 Nishi Oi
67%
JO 08 Kita Kamakura
66%
JO 10 Totsuka
66%
JO 21 Bakurocho
63%
JO 12 Hodogaya
63%
JO 20 Shin Nihombashi
63%
JO 11 Higashi Totsuka
62%
JO 27 Inage
62%
JO 04 Taura
55%
JO 02 Kinugasa
50%
JO 05 Higashi Zushi
48%
No matching quizzes found
Score Distribution
Percent of People with Each Score
Percentile by Number Answered
Your Score History
You have not taken this quiz